[Event "CZE-chT2D 1617"]
[Site "Czech Republic"]
[Date "2016.11.27"]
[Round "4.4"]
[White "Vesely, Vitek"]
[Black "Jurek, Miroslav"]
[Result "1/2-1/2"]
[WhiteElo "2032"]
[BlackElo "2084"]
[PlyCount "52"]
[EventDate "2016.10.09"]
[EventType "team-tourn"]
[EventRounds "11"]
[EventCountry "CZE"]
[SourceTitle "EXT 2022"]
[Source "ChessBase"]
[SourceDate "2021.10.06"]
[SourceVersion "1"]
[SourceVersionDate "2021.10.06"]
[SourceQuality "1"]
[WhiteTeam "Dalesice Pivovar"]
[BlackTeam "Jihlava Gambit"]
[WhiteTeamCountry "CZE"]
[BlackTeamCountry "CZE"]

1. d4 Nf6 2. Nf3 g6 3. c4 Bg7 4. Nc3 d6 5. Bf4 0-0 6. e3 Nbd7 7. h3 c5 8. d5 Qa5 9. Qd2 a6 10. a4 b5 11. cxb5 axb5 12. Bxb5 Ba6 13. 0-0 Bxb5 14. axb5 Qb4 15. e4 Nb6 16. Qe2 Nfd7 17. Bg5 f6 18. Rxa8 Rxa8 19. Bc1 Na4 20. Qc2 Nxc3 21. bxc3 Qxb5 22. Be3 Qa4 23. Qd3 Rb8 24. Rb1 Rxb1+ 25. Qxb1 Qa6 26. Qc2 Nb6 1/2-1/2

[Event "CZE-chT2D 1617"]
[Site "Czech Republic"]
[Date "2016.10.09"]
[Round "1.4"]
[White "Jurek, Miroslav"]
[Black "Ringel, Zbynek"]
[Result "0-1"]
[WhiteElo "2084"]
[BlackElo "2224"]
[PlyCount "140"]
[EventDate "2016.10.09"]
[EventType "team-tourn"]
[EventRounds "11"]
[EventCountry "CZE"]
[SourceTitle "EXT 2022"]
[Source "ChessBase"]
[SourceDate "2021.10.06"]
[SourceVersion "1"]
[SourceVersionDate "2021.10.06"]
[SourceQuality "1"]
[WhiteTeam "Jihlava Gambit"]
[BlackTeam "Hradec Kralove II"]
[WhiteTeamCountry "CZE"]
[BlackTeamCountry "CZE"]

1. e4 c5 2. d4 cxd4 3. c3 Nf6 4. e5 Nd5 5. cxd4 d6 6. Nf3 Nc6 7. exd6 e6 8. Nc3 Qxd6 9. Bc4 Be7 10. 0-0 0-0 11. Re1 a6 12. Ne5 Nxc3 13. bxc3 Nxe5 14. Rxe5 Bf6 15. Re1 Bd7 16. Qb3 b5 17. Bd3 Rfd8 18. Be4 Rac8 19. Ba3 Qc7 20. Bb2 Bc6 21. Bxc6 Qxc6 22. a4 Rd5 23. Ra2 h5 24. axb5 axb5 25. g3 h4 26. Qd1 hxg3 27. hxg3 g6 28. Qf3 Kg7 29. Ra7 Rf5 30. Qxc6 Rxc6 31. Rb7 Ra6 32. Ra1 Rxa1+ 33. Bxa1 g5 34. Kf1 g4 35. Ke2 Kg6 36. Bb2 Bg5 37. Ba3 Rd5 38. Bc5 e5 39. Rxb5 exd4 40. cxd4 Rd8 41. Kd3 Ra8 42. Rb2 Kf5 43. Re2 Bf6 44. Kc4 Ra1 45. d5 Rd1 46. Be3 Be5 47. Bd2 Bd6 48. Kb5 Ra1 49. Kc6 Ra6+ 50. Kd7 Be5 51. Bb4 Ra7+ 52. Kc6 f6 53. Bc5 Rc7+ 54. Kb5 Rd7 55. Rd2 Ke4 56. d6 Kf5 57. Kc6 Ke6 58. Rd3 Bb2 59. Re3+ Be5 60. Re4 Rd8 61. Kc7 Rd7+ 62. Kc8 Rg7 63. Rxg4 Rxg4 64. d7 Ra4 65. d8N+ Kd5 66. Be3 Rc4+ 67. Kd7 Rc7+ 68. Ke8 Rh7 69. f4 Bd6 70. g4 Re7+ 0-1

[Event "CZE-chT rap"]
[Site "Pardubice"]
[Date "2015.07.17"]
[Round "2.1"]
[White "Jurek, Miroslav"]
[Black "Neuman, Petr"]
[Result "0-1"]
[WhiteElo "2094"]
[BlackElo "2470"]
[PlyCount "108"]
[EventDate "2015.07.16"]
[EventType "team-swiss"]
[EventRounds "7"]
[EventCountry "CZE"]
[SourceTitle "CBM 167 Extra"]
[Source "ChessBase"]
[SourceDate "2015.09.14"]
[SourceVersion "1"]
[SourceVersionDate "2015.09.14"]
[SourceQuality "1"]

1. e4 g6 2. d4 Bg7 3. Nf3 d6 4. c3 Nd7 5. Bc4 e6 6. 0-0 Ne7 7. Bg5 h6 8. Bh4 a6 9. Nbd2 b6 10. Qe2 Bb7 11. Rad1 g5 12. Bg3 Ng6 13. Bb3 Qe7 14. Ne1 h5 15. h3 g4 16. Nd3 0-0-0 17. f4 h4 18. Be1 gxh3 19. gxh3 f5 20. exf5 exf5 21. Qxe7 Nxe7 22. Nf3 Nd5 23. Bxd5 Bxd5 24. Nb4 Bc4 25. Bxh4 Bf6 26. Bg5 Bxf1 27. Rxf1 Rxh3 28. Kg2 Rh7 29. Nd5 Rf8 30. Re1 Bd8 31. Re6 Rhh8 32. Bxd8 Kxd8 33. Ng5 Rhg8 34. Kf3 Rh8 35. Kg2 Rh4 36. Kg3 Rh1 37. Re2 Kc8 38. Re7 Rfh8 39. Re2 Rf8 40. Re7 Rb1 41. Re2 a5 42. Ne6 Rg8+ 43. Ng5 Rh8 44. Ne7+ Kb7 45. Nxf5 Nf6 46. c4 Nh5+ 47. Kf2 Rf8 48. Nxd6+ cxd6 49. Re7+ Kb8 50. Ne6 Rh8 51. d5 Rxb2+ 52. Ke3 Rc8 53. f5 Rxc4 54. Nf8 Nf6 0-1

[Event "CZE-chT2C 1415"]
[Site "Czech Republic"]
[Date "2015.03.15"]
[Round "9.4"]
[White "Benes, Petr"]
[Black "Jurek, Miroslav"]
[Result "1-0"]
[WhiteElo "2117"]
[BlackElo "2080"]
[PlyCount "59"]
[EventDate "2014.11.02"]
[EventType "team-tourn"]
[EventRounds "11"]
[EventCountry "CZE"]
[SourceTitle "EXT 2022"]
[Source "ChessBase"]
[SourceDate "2021.10.06"]
[SourceVersion "1"]
[SourceVersionDate "2021.10.06"]
[SourceQuality "1"]
[WhiteTeam "Kolin"]
[BlackTeam "Jihlava Silko Gambit"]
[WhiteTeamCountry "CZE"]
[BlackTeamCountry "CZE"]

1. d4 d5 2. c4 c6 3. cxd5 cxd5 4. Nc3 Nf6 5. Bf4 a6 6. Rc1 Nc6 7. e3 e6 8. Nf3 Be7 9. Bd3 Bd7 10. Ne5 Rc8 11. 0-0 Qa5 12. Bb1 b5 13. Nxd7 Nxd7 14. e4 dxe4 15. d5 Nd8 16. d6 Bf6 17. Nxb5 Rxc1 18. Nc7+ Rxc7 19. dxc7 Nb6 20. Bxe4 0-0 21. Be3 Nc8 22. Qd7 Be5 23. Rc1 Bxc7 24. Qxc7 Qxc7 25. Rxc7 Nd6 26. Bd3 Nb5 27. Bxb5 axb5 28. Bc5 Re8 29. Rc8 f6 30. Bb6 1-0

[Event "CZE-chT2C 1314"]
[Site "Czech Republic"]
[Date "2014.03.02"]
[Round "9.3"]
[White "Jurasek, Miroslav"]
[Black "Jurek, Miroslav"]
[Result "0-1"]
[WhiteElo "2260"]
[BlackElo "2104"]
[PlyCount "76"]
[EventDate "2013.11.03"]
[EventType "team-tourn"]
[EventRounds "11"]
[EventCountry "CZE"]
[SourceTitle "EXT 2015"]
[Source "ChessBase"]
[SourceDate "2014.11.20"]
[SourceVersion "1"]
[SourceVersionDate "2014.11.20"]
[SourceQuality "1"]
[WhiteTeam "Lysa nad Labem III"]
[BlackTeam "Jihlava Gambit"]
[WhiteTeamCountry "CZE"]
[BlackTeamCountry "CZE"]

1. d4 d5 2. c4 c6 3. Nc3 e6 4. Nf3 f5 5. Bf4 Bd6 6. e3 Nf6 7. Qc2 Bxf4 8. exf4 0-0 9. g3 Ne4 10. Be2 Nd7 11. 0-0 h6 12. b4 g5 13. fxg5 hxg5 14. Nxe4 dxe4 15. Ne1 Qf6 16. Rd1 g4 17. Ng2 Kf7 18. Nf4 Rh8 19. Kg2 Nf8 20. Rh1 Ng6 21. Qc1 Qg5 22. Nxg6 Kxg6 23. Qxg5+ Kxg5 24. h3 gxh3+ 25. Rxh3 Rxh3 26. Kxh3 Bd7 27. Kg2 Rh8 28. Re1 e5 29. dxe5 f4 30. Bd1 f3+ 31. Kg1 Bf5 32. e6 Re8 33. e7 Kf6 34. g4 Bg6 35. Kh2 Rxe7 36. g5+ Kxg5 37. Kg3 Rd7 38. Bb3 Rh7 0-1

[Event "CZE-chT2C 1213"]
[Site "Czech Republic"]
[Date "2013.02.17"]
[Round "9.4"]
[White "Cuhra, Martin"]
[Black "Jurek, Miroslav"]
[Result "1/2-1/2"]
[WhiteElo "2236"]
[BlackElo "2117"]
[PlyCount "106"]
[EventDate "2012.10.14"]
[EventType "team-tourn"]
[EventRounds "11"]
[EventCountry "CZE"]
[SourceTitle "EXT 2015"]
[Source "ChessBase"]
[SourceDate "2014.11.20"]
[SourceVersion "1"]
[SourceVersionDate "2014.11.20"]
[SourceQuality "1"]
[WhiteTeam "Praha Oaza"]
[BlackTeam "Jihlava Gambit"]
[WhiteTeamCountry "CZE"]
[BlackTeamCountry "CZE"]

1. e4 c6 2. c4 d5 3. exd5 cxd5 4. cxd5 Nf6 5. Bb5+ Bd7 6. Bc4 b5 7. Bb3 g6 8. Ne2 Bg7 9. 0-0 0-0 10. d3 Bg4 11. f3 Qb6+ 12. Kh1 Bf5 13. Nbc3 Na6 14. Ng3 Bd7 15. Re1 b4 16. Nce4 Qb7 17. d6 exd6 18. Nxd6 Qc6 19. Nc4 Nc5 20. Ne5 Qb7 21. Nxd7 Qxd7 22. d4 Nxb3 23. Qxb3 Nd5 24. Ne4 a5 25. Bg5 Rac8 26. Rad1 h6 27. Bh4 Rfe8 28. Bg3 a4 29. Qd3 f5 30. Nc5 Qc6 31. Rxe8+ Rxe8 32. Re1 Kh7 33. Rxe8 Qxe8 34. h3 a3 35. bxa3 bxa3 36. Qb3 Bxd4 37. Qxd5 Qe3 38. Qd7+ Kh8 39. Qd8+ Kh7 40. Qd7+ Kh8 41. Qc8+ Kh7 42. Qb7+ Kh8 43. Qb1 Bxc5 44. Qe1 Qxe1+ 45. Bxe1 Kg7 46. g4 Kf6 47. Kg2 Ke5 48. Kf1 h5 49. gxh5 gxh5 50. Ke2 Kf4 51. Bh4 Bb4 52. Kf2 Bc5+ 53. Ke2 Bb4 1/2-1/2

[Event "CZE-chT2C 1213"]
[Site "Czech Republic"]
[Date "2012.12.02"]
[Round "4.4"]
[White "Korsa, Jindrich"]
[Black "Jurek, Miroslav"]
[Result "1-0"]
[WhiteElo "2126"]
[BlackElo "2117"]
[PlyCount "63"]
[EventDate "2012.10.14"]
[EventType "team-tourn"]
[EventRounds "11"]
[EventCountry "CZE"]
[SourceTitle "EXT 2015"]
[Source "ChessBase"]
[SourceDate "2014.11.20"]
[SourceVersion "1"]
[SourceVersionDate "2014.11.20"]
[SourceQuality "1"]
[WhiteTeam "Praha Bohemians II"]
[BlackTeam "Jihlava Gambit"]
[WhiteTeamCountry "CZE"]
[BlackTeamCountry "CZE"]

1. e4 d6 2. Nc3 g6 3. g4 Bg7 4. Bg2 c5 5. d3 Nc6 6. h3 e6 7. Nge2 Nge7 8. 0-0 0-0 9. f4 f5 10. gxf5 gxf5 11. Ng3 d5 12. e5 a6 13. Nh5 Rf7 14. Kh2 b5 15. Rg1 Ra7 16. Bd2 Ng6 17. Be3 Nd4 18. Nxg7 Rxg7 19. Bxd4 cxd4 20. Ne2 Rac7 21. Rc1 Qe7 22. Qe1 Qc5 23. b4 Qb6 24. Qf2 Kf8 25. c3 Qa7 26. Nxd4 Rcf7 27. Rc2 Qc7 28. Re1 Qe7 29. c4 Nh4 30. Bh1 dxc4 31. dxc4 Qxb4 32. Qxh4 1-0

[Event "CZE-chT2C 1213"]
[Site "Czech Republic"]
[Date "2012.10.14"]
[Round "1.3"]
[White "Petr, Jan"]
[Black "Jurek, Miroslav"]
[Result "1/2-1/2"]
[WhiteElo "2155"]
[BlackElo "2117"]
[PlyCount "75"]
[EventDate "2012.10.14"]
[EventType "team-tourn"]
[EventRounds "11"]
[EventCountry "CZE"]
[SourceTitle "EXT 2015"]
[Source "ChessBase"]
[SourceDate "2014.11.20"]
[SourceVersion "1"]
[SourceVersionDate "2014.11.20"]
[SourceQuality "1"]
[WhiteTeam "Pankrac II"]
[BlackTeam "Jihlava Gambit"]
[WhiteTeamCountry "CZE"]
[BlackTeamCountry "CZE"]

1. d4 Nf6 2. c4 g6 3. Nc3 Bg7 4. e4 d6 5. Nf3 0-0 6. Be2 c6 7. 0-0 e5 8. d5 c5 9. Ne1 Ne8 10. Nd3 f5 11. f3 Nd7 12. Kh1 a5 13. Bd2 f4 14. Nb5 Ndf6 15. a3 Nh5 16. Rf2 Qh4 17. Be1 Rf6 18. g4 fxg3 19. Rg2 Bh3 20. hxg3 Bxg2+ 21. Kxg2 Qg5 22. Kh2 Qh6 23. Kg2 g5 24. Bd2 Qg6 25. Nf2 Bh6 26. Ng4 Rf7 27. Qh1 Bg7 28. Qh3 Rd8 29. Rh1 Nhf6 30. Nh6+ Bxh6 31. Qxh6 Qxh6 32. Rxh6 g4 33. Bxa5 Rdd7 34. Bd2 Rg7 35. Nc3 gxf3+ 36. Bxf3 Rg6 37. Rxg6+ hxg6 38. Nb5 1/2-1/2

[Event "CZE-chT2D 1011"]
[Site "Czech Republic"]
[Date "2011.04.10"]
[Round "11"]
[White "Jurek, Miroslav"]
[Black "Malivanek, Jiri"]
[Result "1/2-1/2"]
[WhiteElo "2151"]
[BlackElo "2135"]
[PlyCount "50"]
[EventDate "2010.10.17"]
[EventType "team-tourn"]
[EventRounds "11"]
[EventCountry "CZE"]
[SourceTitle "EXT 2012"]
[Source "ChessBase"]
[SourceDate "2011.11.24"]
[SourceVersion "1"]
[SourceVersionDate "2011.11.24"]
[SourceQuality "1"]
[WhiteTeam "Bedrichov"]
[BlackTeam "Chrudim"]
[WhiteTeamCountry "CZE"]
[BlackTeamCountry "CZE"]

1. e4 e6 2. d4 d5 3. exd5 exd5 4. Bd3 Bd6 5. Nc3 Be6 6. Nge2 Nc6 7. Be3 Nf6 8. Qd2 Nb4 9. f3 c6 10. Ng3 Nxd3+ 11. Qxd3 g6 12. Nce2 Qc7 13. 0-0-0 h6 14. f4 Bd7 15. Bd2 0-0-0 16. h4 Rde8 17. h5 Ne4 18. Nxe4 Rxe4 19. hxg6 fxg6 20. Nc3 Re6 21. f5 gxf5 22. Qxf5 Rg8 23. Qh7 Rxg2 24. Rxh6 Rxh6 25. Qxh6 Rh2 1/2-1/2

[Event "CZE-chT2D 1011"]
[Site "Czech Republic"]
[Date "2011.03.27"]
[Round "10"]
[White "Holasek, Pavel"]
[Black "Jurek, Miroslav"]
[Result "1/2-1/2"]
[WhiteElo "2105"]
[BlackElo "2151"]
[PlyCount "137"]
[EventDate "2010.10.17"]
[EventType "team-tourn"]
[EventRounds "11"]
[EventCountry "CZE"]
[SourceTitle "EXT 2012"]
[Source "ChessBase"]
[SourceDate "2011.11.24"]
[SourceVersion "1"]
[SourceVersionDate "2011.11.24"]
[SourceQuality "1"]
[WhiteTeam "Usti nad Orlici"]
[BlackTeam "Bedrichov"]
[WhiteTeamCountry "CZE"]
[BlackTeamCountry "CZE"]

1. e4 c6 2. d4 d5 3. exd5 cxd5 4. c3 Nc6 5. Nf3 Nf6 6. Bf4 e6 7. Bd3 Bd6 8. Bxd6 Qxd6 9. 0-0 0-0 10. Nbd2 e5 11. dxe5 Nxe5 12. Nxe5 Qxe5 13. Nf3 Qh5 14. Nd4 Bg4 15. f3 Bd7 16. Qd2 Rfe8 17. Rae1 a6 18. Qf4 Qh6 19. Qxh6 gxh6 20. Kf2 h5 21. h4 b5 22. Rxe8+ Rxe8 23. Re1 Rb8 24. a3 Kf8 25. Re5 Rb6 26. Ke3 Be6 27. Ne2 Ke7 28. Kd4 Kd6 29. Nf4 h6 30. Nxh5 Nd7 31. Re1 Nc5 32. Bc2 a5 33. b4 axb4 34. axb4 Na4 35. Bxa4 bxa4 36. Ra1 Rc6 37. Kd3 Rc4 38. g3 Bf5+ 39. Kd2 d4 40. cxd4 Rxd4+ 41. Kc3 Rd3+ 42. Kc4 Rxf3 43. Rxa4 Be6+ 44. Kd4 Kc6 45. Ra8 Rb3 46. Ke5 Rf3 47. Nf4 Bc4 48. Rh8 Rxg3 49. Rxh6+ Kd7 50. Nd5 Be2 51. Rd6+ Kc8 52. Rf6 Rh3 53. Nf4 Rxh4 54. Nxe2 Rxb4 55. Rxf7 Rb7 56. Rf8+ Kc7 57. Kd5 Rb5+ 58. Kc4 Rh5 59. Rf6 Kd7 60. Nc3 Ke7 61. Ra6 Kd7 62. Ne4 Rh1 63. Nf6+ Kc7 64. Kd5 Rd1+ 65. Ke5 Re1+ 66. Ne4 Rh1 67. Rg6 Rh5+ 68. Ng5 Rh1 69. Ne4 1/2-1/2

[Event "CZE-chT2D 1011"]
[Site "Czech Republic"]
[Date "2011.01.09"]
[Round "5"]
[White "Jurek, Miroslav"]
[Black "Zeman, Martin2222"]
[Result "1/2-1/2"]
[WhiteElo "2151"]
[BlackElo "2124"]
[PlyCount "37"]
[EventDate "2010.10.17"]
[EventType "team-tourn"]
[EventRounds "11"]
[EventCountry "CZE"]
[SourceTitle "EXT 2012"]
[Source "ChessBase"]
[SourceDate "2011.11.24"]
[SourceVersion "1"]
[SourceVersionDate "2011.11.24"]
[SourceQuality "1"]
[WhiteTeam "Bedrichov"]
[BlackTeam "Litomysl"]
[WhiteTeamCountry "CZE"]
[BlackTeamCountry "CZE"]

1. e4 e6 2. d4 d5 3. exd5 exd5 4. Bd3 c5 5. Nf3 Nc6 6. c3 Nf6 7. 0-0 cxd4 8. Nxd4 Nxd4 9. cxd4 Be7 10. Qb3 0-0 11. Nc3 b6 12. Bf4 Bb7 13. a4 Ne4 14. Rfe1 Nxc3 15. bxc3 Bd6 16. Bxd6 Qxd6 17. a5 Rab8 18. axb6 axb6 19. Rab1 1/2-1/2

[Event "CZE-chT2D 1011"]
[Site "Czech Republic"]
[Date "2010.11.07"]
[Round "2"]
[White "Augustin, Josef"]
[Black "Jurek, Miroslav"]
[Result "1/2-1/2"]
[WhiteElo "2297"]
[BlackElo "2151"]
[PlyCount "45"]
[EventDate "2010.10.17"]
[EventType "team-tourn"]
[EventRounds "11"]
[EventCountry "CZE"]
[SourceTitle "EXT 2012"]
[Source "ChessBase"]
[SourceDate "2011.11.24"]
[SourceVersion "1"]
[SourceVersionDate "2011.11.24"]
[SourceQuality "1"]
[WhiteTeam "Brno Lokomotiva"]
[BlackTeam "Bedrichov"]
[WhiteTeamCountry "CZE"]
[BlackTeamCountry "CZE"]

1. c4 g6 2. g3 Bg7 3. Bg2 c6 4. Nc3 Nf6 5. e4 d6 6. Nge2 e5 7. d3 0-0 8. 0-0 h6 9. h3 Be6 10. f4 b5 11. f5 Qb6+ 12. Kh2 Bc8 13. g4 g5 14. Ng3 Bb7 15. Qe2 b4 16. Be3 Qa5 17. Nb1 d5 18. Nd2 Nbd7 19. Nb3 Qc7 20. cxd5 cxd5 21. Rfc1 Qd6 22. Nc5 Bc6 23. exd5 1/2-1/2

[Event "CZE-chT2D 1011"]
[Site "Czech Republic"]
[Date "2010.10.17"]
[Round "1"]
[White "Jurek, Miroslav"]
[Black "Kraus, Tomas"]
[Result "1-0"]
[WhiteElo "2151"]
[BlackElo "2123"]
[PlyCount "53"]
[EventDate "2010.10.17"]
[EventType "team-tourn"]
[EventRounds "11"]
[EventCountry "CZE"]
[SourceTitle "EXT 2012"]
[Source "ChessBase"]
[SourceDate "2011.11.24"]
[SourceVersion "1"]
[SourceVersionDate "2011.11.24"]
[SourceQuality "1"]
[WhiteTeam "Bedrichov"]
[BlackTeam "Vysoke Myto"]
[WhiteTeamCountry "CZE"]
[BlackTeamCountry "CZE"]

1. e4 c5 2. d4 cxd4 3. c3 dxc3 4. Nxc3 Nc6 5. Nf3 d6 6. Bc4 e6 7. Qe2 Be7 8. 0-0 Nf6 9. Rd1 e5 10. h3 0-0 11. b4 a6 12. a4 Be6 13. Ba3 Rc8 14. Nd5 Bxd5 15. Bxd5 Qb6 16. b5 Nd4 17. Nxd4 exd4 18. Bc4 axb5 19. Bxb5 Rc5 20. Bb2 d3 21. Qxd3 d5 22. e5 Ne4 23. Bd4 Qg6 24. f3 Ng3 25. Qxg6 fxg6 26. Kh2 Ne2 27. Bxe2 1-0

[Event "CZE-chT2d 0405"]
[Site "Czech Republic"]
[Date "2005.??.??"]
[Round "7"]
[White "Pridal, Ondrej"]
[Black "Jurek, Miroslav"]
[Result "1-0"]
[WhiteElo "2210"]
[BlackElo "2125"]
[PlyCount "77"]
[EventDate "2004.10.??"]
[EventType "team"]
[EventRounds "11"]
[EventCountry "CZE"]
[SourceTitle "EXT 2007"]
[Source "ChessBase"]
[SourceDate "2006.11.23"]
[SourceVersion "1"]
[SourceVersionDate "2006.11.23"]
[SourceQuality "1"]

1. e4 c6 2. d4 d5 3. exd5 cxd5 4. c4 Nf6 5. Nc3 Nc6 6. Bg5 e6 7. cxd5 exd5 8. Nf3 Be7 9. Be2 0-0 10. 0-0 a6 11. Rc1 Bf5 12. Ne5 Rc8 13. Re1 h6 14. Bh4 Ne4 15. Nxc6 bxc6 16. Bxe7 Qxe7 17. Bxa6 Ra8 18. Nxe4 Bxe4 19. Bd3 Qb4 20. Bxe4 dxe4 21. Qb3 Qxd4 22. Rc4 Qd2 23. Rcxe4 Rfb8 24. Qf3 Qxb2 25. a4 c5 26. h3 Qa2 27. Qf5 Rf8 28. Qxc5 Rac8 29. Qb4 Rb8 30. Qc4 Qd2 31. Re7 Rb4 32. Qc5 Rbb8 33. a5 Rbc8 34. Qa3 Ra8 35. a6 Ra7 36. R1e2 Qd1+ 37. Kh2 Qd4 38. R7e4 Qf6 39. Qxf8+ 1-0

[Event "CZE-chT2d 0405"]
[Site "Czech Republic"]
[Date "2004.??.??"]
[Round "4"]
[White "Jurek, Miroslav"]
[Black "Kulovana, Eva"]
[Result "1-0"]
[WhiteElo "2125"]
[BlackElo "2180"]
[PlyCount "155"]
[EventDate "2004.10.??"]
[EventType "team"]
[EventRounds "11"]
[EventCountry "CZE"]
[SourceTitle "EXT 2007"]
[Source "ChessBase"]
[SourceDate "2006.11.23"]
[SourceVersion "1"]
[SourceVersionDate "2006.11.23"]
[SourceQuality "1"]

1. e4 d5 2. exd5 Qxd5 3. Nc3 Qa5 4. d4 Nf6 5. Nf3 Nc6 6. h3 Bf5 7. Bd3 Bxd3 8. Qxd3 0-0-0 9. 0-0 e6 10. a3 h6 11. Ne4 Qf5 12. Re1 Be7 13. c3 Nxe4 14. Qxe4 Qxe4 15. Rxe4 Rd5 16. Bf4 Rhd8 17. Rae1 b5 18. g4 h5 19. Kg2 hxg4 20. hxg4 Rh8 21. Rh1 Rxh1 22. Kxh1 Rd8 23. Kg2 Rh8 24. Bg5 Bd6 25. Ne5 Bxe5 26. dxe5 Na5 27. a4 a6 28. axb5 axb5 29. f4 Kd7 30. Rd4+ Kc6 31. Be7 Ra8 32. f5 Nc4 33. b3 Nxe5 34. fxe6 fxe6 35. Re4 Kd5 36. Rd4+ Kc6 37. Re4 Kd5 38. Rd4+ Kc6 39. Re4 Nf7 40. Rxe6+ Kd7 41. Re3 Nd8 42. Bxd8 Kxd8 43. b4 Kd7 44. Re5 c6 45. Kg3 Kd6 46. Rg5 Ra7 47. Kf4 Ke6 48. Ke4 Kf6 49. Rf5+ Ke6 50. Rc5 Rc7 51. Kf4 Kf6 52. c4 bxc4 53. b5 g5+ 54. Kf3 Ke6 55. bxc6 Kd6 56. Rxc4 Rf7+ 57. Ke3 Kc7 58. Rc5 Rf1 59. Rxg5 Kxc6 60. Ke4 Kd6 61. Rf5 Ra1 62. Kf4 Ke6 63. Kg5 Ra8 64. Rf6+ Ke7 65. Kf5 Ra5+ 66. Kg6 Ra8 67. Rf7+ Ke6 68. Kg7 Ra5 69. Rf6+ Ke7 70. Rf5 Ra4 71. g5 Ke6 72. Rf6+ Ke7 73. g6 Rh4 74. Rf7+ Ke8 75. Kg8 Rh1 76. Rh7 Rg1 77. g7 Ke7 78. Kh8 1-0